Dlouhodobé investice odolávají i finančním krizím

Dlhodobé pozorovanie finančných trhov ukazuje, že turbulencie, keď trhy prudko padajú, aby následne raketovo rástli, sú pre finančné trhy prirodzené. Americká ekonomika a európske krajiny - nemožno prehliadať geopolitický faktor. Ropa nad zlato, investovanie do komodít. Nehnuteľnosti ako najväčšia i...

Full description

Saved in:
Bibliographic Details
Main Author: Pikora, Vladimír
Format: Book Chapter
Language:Czech
Subjects:
Tags: Add Tag
No Tags, Be the first to tag this record!

MARC

LEADER 00000naa$a2200000$$$4500
001 0077422
005 20230804111136.7
041 0 |a cze 
044 |a CZ 
245 1 0 |a Dlouhodobé investice odolávají i finančním krizím  |c Vladimír Pikora 
520 |a Dlhodobé pozorovanie finančných trhov ukazuje, že turbulencie, keď trhy prudko padajú, aby následne raketovo rástli, sú pre finančné trhy prirodzené. Americká ekonomika a európske krajiny - nemožno prehliadať geopolitický faktor. Ropa nad zlato, investovanie do komodít. Nehnuteľnosti ako najväčšia istota. 
610 2 0 |a kríza finančná 
610 2 0 |a investovanie 
610 2 0 |a investície 
610 2 0 |a svet 
610 2 0 |a ropa 
610 2 0 |a komodity 
100 1 |a Pikora, Vladimír